| 000 | 00908nam a22001577a 4500 | ||
|---|---|---|---|
| 020 | _a9789701067949 | ||
| 080 | _a33 M 714 | ||
| 245 |
_aEconomia: _bprincipios y aplicaciones |
||
| 250 | _a4° Ed. | ||
| 260 |
_aMexico- Buenos Aires _bMc- Graw- Hill _c2008 |
||
| 300 | _a619 P: | ||
| 650 |
_xeconomia _xmicroeconomia _xoferta _xdemanda _xmercado _xempresa _xcostos _xbeneficios _xmonopolio _xoligopolio _xmercado de trabajo _xmacroeconomia _ximpuestos _xproducto bruto interno _xdinero _xpolitica monetaria _xmercado de divisas _xglobalizacion _xinflacion _xAdam Smith _xTIC _xBanco Mundial _xBanco Interamericano de Desarrollo _xBanco Central _xbalanza de pagos _xconsumidor _xcontroles de precios _xprecios _xingreso total _xdesempleo _xcomercio internacional _xcrecimiento economico _xbloques regionales _xMERCOSUR _xUnion Europea |
||
| 700 |
_aMochon Morcillo, Francisco _eBeker, Victor Alberto |
||
| 942 | _6_ | ||
| 945 |
_acd _d2023-07-07 |
||
| 999 |
_c5313 _d235817 |
||